Bytový dom

Salvato in:
Dettagli Bibliografici
Autore principale: Kralovič, Dušan (Autore)
Altri autori: Gieciová, Mária (Relatore della tesi)
Natura: Manoscritto Libro
Lingua:slovacco
Pubblicazione: 2015
Soggetti:
Accesso online:http://is.stuba.sk/zp/portal_zp.pl?podrobnosti=108179
https://opac.crzp.sk/?fn=detailBiblioForm&sid=82386B00AE44A4A3DEB31BC7375F
Tags: Aggiungi Tag
Nessun Tag, puoi essere il primo ad aggiungerne!!

MARC

LEADER 00000ntm a22000003a 4500
001 stuzp44583
003 SK-STU
005 20230815105400.1
007 ta
008 150427s2015----xo-----f-mn---000-0-slo-d
040 |a STU  |b slo 
041 0 |a slo 
100 1 |a Kralovič, Dušan  |u 010180  |4 aut  |U SvF Stavebná fakulta  |T SvF Katedra konštrukcií pozemných stavieb  |X 7441  |U V180  |Y 18  |7 7441 
242 0 1 |a Residential house  |y eng 
245 1 0 |a Bytový dom 
260 |c 2015 
650 4 |a Bytový dom  |2 slo 
650 4 |a podzemná garáž  |2 slo 
650 4 |a Konštrukčný systém objektu  |2 slo 
650 4 |a Residential house  |2 eng 
650 4 |a underground garage  |2 eng 
650 4 |a The construct system of the building  |2 eng 
700 1 |a Gieciová, Mária  |4 ths  |X 528  |7 A000000528 
856 4 |u http://is.stuba.sk/zp/portal_zp.pl?podrobnosti=108179 
856 4 |u https://opac.crzp.sk/?fn=detailBiblioForm&sid=82386B00AE44A4A3DEB31BC7375F 
SQL |a stuzp44583  |b DBP  |c SLO  |d Bytový dom  |e 7441  |f Kralovič, Dušan  |g 010180  |h 528  |i Gieciová, Mária  |j 20150623  |k 4  |l 01  |m http://is.stuba.sk/zp/portal_zp.pl?podrobnosti=108179  |n B-PSA  |o 5.1.4. pozemné stavby, 5.1.1. architektúra a urbanizmus